| 000 | 00896nam0a22002411 4500 | ||
|---|---|---|---|
| 001 | rc\2850027 | ||
| 005 | 20250529204319.0 | ||
| 035 | _a(NLR Aleph) 007005214 | ||
| 090 |
_a5759648 _c5759648 |
||
| 100 | _a20110705d1930 |||y0rusy50 ca | ||
| 101 | 0 | _arus | |
| 102 | _aRU | ||
| 105 | _ay z ||||| | ||
| 200 | 1 |
_aКак предохранить себя от глухоты, а своих детей от глухонемоты и других ушных болезней _fпроф. С.С. Преображенский |
|
| 205 | _a2-е изд., испр. | ||
| 210 |
_aМосква _cВОГ _d1930 _g31-я тип. "Красный печатник" |
||
| 215 |
_a32 с. _d18х13 см |
||
| 700 | 1 |
_aПреображенский _bС.С. _f1864-1927 _gСергей Семенович |
|
| 801 | 0 |
_aRU _bNLR _gpsbo |
|
| 801 | 1 |
_aRU _bELAR _2rusmarc |
|
| 852 |
_aNLR _j30.8/3039 |
||
| 942 | _cBOOK | ||
| 980 | _aNB | ||